Premier League Transfers 2020/21 - Statistics

General Stats
  • This quiz has been taken 62 times
  • The average score is 37 of 60
Answer Stats
Fee From To Player % Correct
€80M Bayer Leverkusen Chelsea Kai Havertz
100%
€68M SL Benfica Manchester City Ruben Dias
100%
€44.7M Wolves Liverpool Diogo Jota
97%
€39M Ajax Manchester United Donny Van De Beek
97%
€40M Ajax Chelsea Hakim Ziyech
97%
€45.3M Bournemouth Manchester City Nathan Ake
97%
€30M Bayern Munich Liverpool Thiago Alcantara
97%
€50M Atletico Madrid Arsenal Thomas Partey
97%
€53M RB Leipzig Chelsea Timo Werner
97%
€50.2M Leicester City Chelsea Ben Chilwell
92%
€30M FC Barcelona Wolves Nelson Semedo
92%
€40M FC Porto Wolves Fabio Silva
89%
€30M Valencia CF Leeds United Rodrigo
87%
€30M Real Madrid Tottenham Hotspur Sergio Reguilon
87%
€24M Stade Rennes Chelsea Edouard Mendy
84%
€30.8M Brentford Aston Villa Ollie Watkins
82%
€25M Napoli Everton Allan
79%
€26M Liverpool Sheffield United Rhian Brewster
79%
€23.1M Brentford West Ham United Said Benrahma
76%
€16.2M Slavia Prague West Ham United Tomas Soucek
76%
€22.2M Bournemouth Newcastle United Callum Wilson
74%
€35M Saint-Etienne Leicester City Wesley Fofana
74%
€15M FC Porto Manchester United Alex Telles
71%
€26M LOSC Lille Arsenal Gabriel Magalhaes
71%
€27.5M Norwich City Everton Ben Godfrey
66%
€17.4M Arsenal Aston Villa Emiliano Martinez
66%
€23M Valencia CF Manchester City Ferran Torres
66%
€32M Real Betis Tottenham Hotspur Giovani Lo Celso
66%
€21M Atalanta Manchester United Amad Diallo
63%
€17.8M QPR Crystal Palace Eberechi Eze
63%
€13M Olympiacos Liverpool Kostas Tsimikas
63%
€15M Stade Brest Southampton Ibrahima Diallo
61%
€16.8M Wolves Tottenham Hotspur Matt Doherty
61%
€15.8M Olympique Marseille Aston Villa Morgan Sanson
61%
€16.6M Southampton Tottenham Hotspur Pierre-Emile Hojbjerg
61%
€6M Slavia Prague West Ham United Vladimir Coufal
61%
€21M Atalanta Leicester City Timothy Castagne
58%
€20M Real Sociedad Leeds United Diego Llorente
53%
€15.7M Nottingham Forest Aston Villa Matty Cash
53%
€22.1M Watford Everton Abdoulaye Doucoure
50%
€13.3M Tottenham Hotspur Southampton Kyle Walker-Peters
47%
€17M Stade Rennes Leeds United Raphinha
47%
€20.5M Bournemouth Sheffield United Aaron Ramsdale
45%
€18.4M Olympique Lyon Aston Villa Bertrand Traore
45%
€16.5M Norwich City Newcastle United Jamal Lewis
45%
€13M SC Freiburg Leeds United Robin Koch
45%
€13.5M West Ham United West Bromwich Albion Grady Diangana
42%
€8.5M Penarol Manchester United Facundo Pellistri
37%
€9.8M Liverpool Wolves Ki-Jana Hoever
34%
€9.1M Sporting CP West Bromwich Albion Matheus Pereira
34%
€5M Independiente Del Valle Brighton & Hove Albion Moises Caicedo
34%
€17.7M Wolves Leeds United Helder Costa
32%
€12M Real Valladolid Southampton Mohammed Salisu
24%
€9M Southampton Fulham Harrison Reed
21%
€8M Flamengo Arsenal Pablo Mari
21%
€11.7M Brighton & Hove Albion Fulham Anthony Knockaert
18%
€6.5M FC Lorient Leeds United Illan Meslier
18%
€6.5M West Bromwich Albion Sheffield United Oliver Burke
8%
€6M Coritiba Manchester City Yan Couto
8%
€8.5M Partizan Belgrade Manchester City Filip Stevanovic
5%
No matching quizzes found
Score Distribution
Percent of People with Each Score
Percentile by Number Answered
Your Score History
You have not taken this quiz